Southville International School and Colleges
Your cart is empty.
  • Cart
  • Lists
    Public lists list_1 View all
    Your lists Log in to create your own lists
  • Log in to your account
  • Your cookies
  • Search history
Southville International School and Colleges
  • Advanced search
  • Recent comments
  • Most popular
  • Libraries

Log in to your account

Log in with GOOGLE


If you do not have an external account, but do have a local account, you can still log in:

  1. Home
  2. MARC view: New basic English :
Normal view MARC view ISBD view

New basic English : (Record no. 20082)

[ view plain ]
MARC details
000 -LEADER
fixed length control field 00502nam a2200169 a 4500
005 - DATE AND TIME OF LATEST TRANSACTION
control field 20140310183209.0
008 - FIXED-LENGTH DATA ELEMENTS--GENERAL INFORMATION
fixed length control field 030424s19uu xx 00 eng d
020 ## - INTERNATIONAL STANDARD BOOK NUMBER
International Standard Book Number 971686051X
050 ## - LIBRARY OF CONGRESS CALL NUMBER
Classification number PE 168
Item number .N532 [ca.2000]
245 ## - TITLE STATEMENT
Title New basic English :
Remainder of title through pattern practice /
260 ## - PUBLICATION, DISTRIBUTION, ETC. (IMPRINT)
Place of publication, distribution, etc Quezon City :
Name of publisher, distributor, etc Marren Publishing House,
300 ## - PHYSICAL DESCRIPTION
Extent 272 p. :
Dimensions 15 cm.
520 ## - SUMMARY, ETC.
Summary, etc Grammar, usage, reading and vocabulary
650 ## - SUBJECT ADDED ENTRY--TOPICAL TERM
Topical term or geographic name as entry element English language
General subdivision grammar.
942 ## - ADDED ENTRY ELEMENTS (KOHA)
Koha item type Books
Source of classification or shelving scheme Library of Congress Classification
Holdings
Withdrawn status Lost status Source of classification or shelving scheme Damaged status Home library Current library Shelving location Date acquired Total Checkouts Full call number Barcode Date last seen Copy number Price effective from Koha item type
    Library of Congress Classification   College Library College Library General Circulation Section 04/24/2003   PE 168 .N532 [ca.2000] C2086 05/15/2018 1 10/10/2013 Books

New basic English :

APA

New basic English. Quezon City: Marren Publishing House.

Chicago

New basic English. Quezon City: Marren Publishing House.

Harvard

New basic English. Quezon City: Marren Publishing House.

MLA

Quezon City: Marren Publishing House. .

  • Place hold
  • Print
  • Cite
  • Add to your cart (remove)
  • Save record
    BIBTEX Dublin Core MARCXML MARC (non-Unicode/MARC-8) MARC (Unicode/UTF-8) MARC (Unicode/UTF-8, Standard) MODS (XML) RIS
  • More searches
    Search for this title in:
    Other Libraries (WorldCat) Other Databases (Google Scholar) Online Stores (Bookfinder.com) Open Library (openlibrary.org)

Exporting to Dublin Core...

SOUTHVILLE LIBRARY

Southville International School and Colleges Library

1281 Tropical Ave. Cor. Luxembourg St., BF Homes International, Las Pinas City

Tel. No. 8256374 / 252358 Loc. 117/146

Powered by Koha